Switch-level timing simulation of MOS VLSI circuits / (Record no. 175766)

000 -LEADER
fixed length control field 01088 a2200229 4500
003 - CONTROL NUMBER IDENTIFIER
control field Nust
005 - DATE AND TIME OF LATEST TRANSACTION
control field 20220815093111.0
010 ## - LIBRARY OF CONGRESS CONTROL NUMBER
LC control number 88030591
020 ## - INTERNATIONAL STANDARD BOOK NUMBER
International Standard Book Number 0898383021
040 ## - CATALOGING SOURCE
Transcribing agency Nust
082 00 - DEWEY DECIMAL CLASSIFICATION NUMBER
Classification number 621.381730724,RAD
245 00 - TITLE STATEMENT
Title Switch-level timing simulation of MOS VLSI circuits /
Statement of responsibility, etc. by Vasant B. Rao ... [et al.].
260 ## - PUBLICATION, DISTRIBUTION, ETC.
Place of publication, distribution, etc. Boston :
Name of publisher, distributor, etc. Kluwer Academic Publishers,
Date of publication, distribution, etc. c1989.
300 ## - PHYSICAL DESCRIPTION
Extent x, 209 p. :
Other physical details ill. ;
Dimensions 25 cm.
490 1# - SERIES STATEMENT
Series statement The Kluwer international series in engineering and computer science ;
Volume/sequential designation SECS 66.
Series statement VSLI, computer architecture and digital signal processing
505 ## - FORMATTED CONTENTS NOTE
Formatted contents note Introduction (Page-1), Overview Simulation Techniques (Page-7), MOS Network Partitioning and Ordering (Page-27), Switch Level Timing Simulation (Page-93), Simulating Strongly Connected Components (Page-163).
650 #0 - SUBJECT ADDED ENTRY--TOPICAL TERM
Topical term or geographic name entry element Telecommunication Engineering.
700 1# - ADDED ENTRY--PERSONAL NAME
Personal name Rao, Vasant B.
9 (RLIN) 97084
830 #0 - SERIES ADDED ENTRY--UNIFORM TITLE
Uniform title Kluwer international series in engineering and computer science ;
9 (RLIN) 82222
830 #0 - SERIES ADDED ENTRY--UNIFORM TITLE
Uniform title Kluwer international series in engineering and computer science.
9 (RLIN) 82222
942 ## - ADDED ENTRY ELEMENTS (KOHA)
Koha item type Reference
Source of classification or shelving scheme
Holdings
Withdrawn status Lost status Source of classification or shelving scheme Damaged status Not for loan Permanent Location Current Location Shelving location Date acquired Full call number Barcode Date last seen Price effective from Koha item type Public note
          Military College of Signals (MCS) Military College of Signals (MCS) Reference 12/12/2016 621.381730724,RAD MCS801 12/08/2016 12/12/2016 Reference Almirah No.21, Shelf No.5
© 2023 Central Library, National University of Sciences and Technology. All Rights Reserved.